| 000 | 00595nam a22001697a 4500 | ||
|---|---|---|---|
| 003 | OSt | ||
| 005 | 20171010095533.0 | ||
| 008 | 121005t xxu||||| |||| 00| 0 eng d | ||
| 040 |
_aMMSU _cULS |
||
| 100 |
_aBaclig, Rovelyn S., et al. _913160 |
||
| 245 |
_aDevelopment of an illuminance calculator for general purspose design _cRovelyn S. Baclig, et al. |
||
| 260 | _c2008 | ||
| 300 |
_aix, [202] leaves _c28 cm. |
||
| 500 | _aThesis (BS Electrical Engineering) -- Mariano Marcos State University-College of Engineering, Batac City | ||
| 504 | _aBibliography: leaf 35 | ||
| 942 |
_2ddc _cTHEDIS |
||
| 999 |
_c9821 _d9821 |
||